Loading...
| Mythology | 0 | 2 | 1 | 0 | 15 | 62 | 73.00 | 0 | 0 | 8.62 | 12.50 |
| Fine Arts - Painting and Sculpture | 0 | 1 | 0 | 0 | 10 | 129 | 129.00 | 0 | 0 | 0.00 | 0.83 |
| History - European | 0 | 1 | 0 | 0 | 10 | 64 | 64.00 | 0 | 1 | 5.08 | 6.67 |
| History - Other | 0 | 1 | 0 | 0 | 10 | 34 | 34.00 | 0 | 1 | 7.21 | 7.50 |
| Popular Culture | 0 | 1 | 0 | 1 | 10 | 137 | 137.00 | 0 | 0 | 0.36 | 25.00 |
| Religion | 0 | 1 | 0 | 1 | 10 | 118 | 118.00 | 0 | 0 | 0.08 | 6.67 |
| Social Science | 0 | 1 | 0 | 0 | 10 | 61 | 61.00 | 0 | 1 | 4.60 | 7.50 |
| Fine Arts - Classical Music | 0 | 0 | 0 | 0 | 0 | 0.00 | 0 | 0 | 0.00 | 0.00 | |
| Science - Chemistry | 0 | 0 | 1 | 0 | -5 | 0.00 | 0 | 0 | 0.00 | 0.00 | |
| Science - Physics | 0 | 0 | 1 | 0 | -5 | 0.00 | 0 | 0 | 0.00 | 0.00 |